Extensión o comunicación? : la concientización en el medio rural /

Guardado en:
Autor Principal: Freire, Paulo, 1921-1997.
Formato: Libro
Idioma:Spanish
Publicado: Montevideo : Siglo XXI, c1993.
Edición:18a ed.
Etiquetas: Agregar Etiqueta
Sin Etiquetas, Sea el primero en etiquetar este registro!
LEADER 00517nam a22001575a 4500
001 EEA.libagro006643
005 20180614123258.0
008 130809s1993####uy#a##########000#0#spa#d
020 |a 9682316952 
082 0 4 |a 630.715 
100 1 |a Freire, Paulo,  |d 1921-1997. 
245 1 0 |a Extensión o comunicación? :  |b la concientización en el medio rural /  |c Paulo Freire. 
250 |a 18a ed. 
260 |a Montevideo :  |b Siglo XXI,  |c c1993. 
300 |a 109 p. :  |b il. ;  |c 18 cm. 
859 |a AR-BbBCA  |b BIB. AGRONOMIA  |h 630.715  |i F866a18  |p 2000/4009